000 00291nam a2200121Ia 4500
008 191201s2014 xx 000 0 und d
100 _aHEARN,Donald
245 0 _aComputer Graphics with open GL
250 _aIMP 2nd
260 _c2014
_bpearson
_aNEW DELHI
300 _a812
942 _2ddc
_cBK
999 _c7910
_d7910